000 00605nai a2200181Ia 4500
003 IN-BaIIA
008 211028c9999 xx s 000 0 eng d
022 _a0178-8051 (Print)
022 _a1432-2064 (Online)
040 _cIIA Library
245 0 _aProbability Theory and Related Fields
_h[eJournal]
260 _aHeidelber, Germany
_bSpringer Berlin Heidelberg
310 _aBi-monthly
362 _a107(1); 1997 - Present
521 _bSubscribed through National Knowledge Resource Consortium (NKRC)
856 _uhttps://www.springer.com/journal/440
_yClick Here to Access eJournal
942 _cEJ
999 _c35587
_d35587